Diseño de un sistema de aseguramiento metrológico para la empresa Atlas Industrial S.A
Uloženo v:
| Hlavní autor: | |
|---|---|
| Další autoři: | |
| Médium: | Kniha |
| Vydáno: |
San José, C.R.
1996
|
| Témata: | |
| Tagy: |
Přidat tag
Žádné tagy, Buďte první, kdo vytvoří štítek k tomuto záznamu!
|
MARC
| LEADER | 00000nam a2200000Ia 4500 | ||
|---|---|---|---|
| 003 | 007939 | ||
| 005 | 20221231144237.0 | ||
| 008 | 140114s1999 cr a m 000 ||s d | ||
| 040 | |c cru CEDI | ||
| 090 | |a TFG 3494 | ||
| 100 | |a Arias Badilla,Jorge Arturo |9 9827 | ||
| 245 | |a Diseño de un sistema de aseguramiento metrológico para la empresa Atlas Industrial S.A | ||
| 260 | |c 1996 |a San José, C.R. | ||
| 300 | |a [185] hojas | ||
| 500 | |a Proyecto de graduación (licenciatura en ingeniería industrial)--Universidad de Costa Rica. Facultad de Ingeniería. Escuela de Ingeniería Industrial | ||
| 650 | |x ATLAS INDUSTRIAL (COSTA RICA) - ADMINISTRACION |x CALIDAD INDUSTRIAL |x PESAS Y MEDIDAS |9 9828 | ||
| 700 | |9 9826 |a Castillo Romero, Byron | ||
| 942 | |c TFG | ||
| 999 | |c 18981 |d 18981 | ||
